| 000 | 00654nam a2200229 a 4500 | ||
|---|---|---|---|
| 999 |
_c4766 _d4766 |
||
| 001 | 4766 | ||
| 003 | BD-JhCC | ||
| 005 | 20171203170054.0 | ||
| 008 | 171203s2004 bg ||||| |||| 00| 0 ben d | ||
| 020 | _a984474349 | ||
| 035 | _a(BD-JhCC)4766 | ||
| 040 |
_aBD-JhCC _dBD-JhCC |
||
| 041 | _aben | ||
| 082 |
_a612.3 _b2004. |
||
| 100 | _aহায়দার, মাসুদ | ||
| 245 |
_aফল খাও জেনে শুনে / _cমাসুদ হায়দার |
||
| 260 |
_aঢাকা : _bবাতায়ন প্রকাশন, _c2004. |
||
| 300 |
_a32 p. : _c24 cm. |
||
| 650 | _aNutrition | ||
| 942 |
_2ddc _cBK |
||